000
00270nam a22001217a 4500
082
_a
660 MAN'E
100
_a
MANTELL, C. L
_9
74203
245
_a
ELECTROCHEMICAL ENGINEERING
250
_a
4TH
260
_a
NEWYORK
_b
MCGRAW HILL
_c
1960
300
_a
X, 680P
942
_c
BK
999
_c
585308
_d
585308